01646nam a2200337 i 450000500170000000700030001700800410002002000180006104000350007904100080011404300120012208200240013410000460015824501360020425000220034026400440036230000550040633600270046133700330048833800280052149000390054950400420058850502680063065000340089865000310093265000460096394200120100999900150102195201370103695201350117320220317001418.0ta161108s2013 ck g 000 0 spa  a9789586828451 aCO-BoRNBPbspacCO-BoRNBPerda0 aspa as-ck---04a330.9861bC17i12231 aCárdenas Santamaría, Mauricio,eautor10aIntroducción a la economía colombianacMauricio Cárdenas Santamaría ; colaboración de Roberto Junguito ...[y otros cinco] aTercera edición 1aBogotábAlfaomegabFedesarrolloc2013 a549 páginasbgráficos en blanco y negroc24 cm atextobtxt2rdacontent asin mediaciónbn2rdamedia avolumenbnc2rdacarrier aEconomía pEconomía colombiana aIncluye datos biográficos del autor aIntroducción: Hacia un nuevo paradigma -- Producción e ingresos -- Crecimiento económico -- Instituciones -- El sector externo -- Finanzas públicas -- Dinero, precios y tasa de cambio -- Mercado financiero -- El mercado de trabajo -- Pobreza y desigualdad17aEconomía colombiana2ARMARC17aMercado financiero2ARMARC17aCrecimiento económicozColombia2ARMARC 2ddccBK c6900d6900 00102ddc40708GENaMECASARIbMECASARIcGENd2024-11-10l0o330.9861 - C17ILpBM0001220r2024-11-10 15:53:45tEj.1w2024-11-10yBK 00102ddc40708GENaMEMAPJGAbMEMAPJGAcGENd2025-07-18l0o330.9861 C17i1pMPJG00412r2025-07-18 11:04:02tEj.1w2025-07-18yBK